Szkolnictwo w Prusach Południowych (1793-1806) w okresie reform oświeceniowych

Podrobná bibliografia
Hlavný autor: Łukasiewicz, Dariusz, 1961- (Autor)
Médium: Kniha
Jazyk:poľština
Fyzický popis:360 s., [1] mp. príl. 24 cm
Vydavateľské údaje: Poznań Warszawa Poznańskie Towarzystwo Przyjaciół Nauk 2004
ISBN:8370634273
ISSN:0079-4651
Edícia:Prace Komisji Historycznej / Poznańskie Towarzystwo Przyjaciól Nauk, Wydzial Nauk Historicznych t. 63
Predmet:

MARC

LEADER 00000nam a2200000 a 4500
001 vtls001486569
003 SK-MaSNL
005 20260302003102.0
008 251124s2004 pl bl g 00100 pol
020 |a 8370634273  |q (brož.) 
035 |a SNK000441862 
040 |a SNK  |b slo  |c SNK  |e AACR2 
041 0 |a pol  |b eng 
043 |a e-pl--- 
044 |a pl  |c PL 
072 7 |a 37.014  |x Vzdelávacia a výchovná politika  |2 konspekt 
080 |a 371  |2 2001 
080 |a 37.014.3  |2 2001 
080 |a 37.014.5  |2 2001 
080 |a (431)  |2 2001 
080 |a (048.8)  |2 2001 
100 1 |a Łukasiewicz, Dariusz,  |d 1961-  |4 aut  |9 641310 
245 1 0 |a Szkolnictwo w Prusach Południowych (1793-1806) w okresie reform oświeceniowych  |c Dariusz Łukasiewicz 
246 1 1 |a The educational Systom in south Prussia (1793-1806) in the period of enlightenment reforms 
260 |a Poznań  |a Warszawa  |b Poznańskie Towarzystwo Przyjaciół Nauk  |c 2004 
300 |a 360 s., [1] mp. príl.  |c 24 cm 
490 1 |a Prace Komisji Historycznej / Poznańskie Towarzystwo Przyjaciól Nauk, Wydzial Nauk Historicznych  |x 0079-4651  |v t. 63 
648 7 |a 1793-1806  |2 SNKPH  |9 641311 
650 0 7 |a školstvo  |2 SNKPH  |9 19712 
650 0 7 |a vzdelávacie reformy  |2 SNKPH  |9 3201 
650 0 7 |a vzdelávacia politika  |2 SNKPH  |9 3199 
651 7 |a Prusko Južné  |2 SNKPH  |9 85975 
655 7 |a štúdie  |2 SNKPH  |9 57033 
810 2 |a Poznańskie Towarzystwo Przyjaciól Nauk (Poznaň, Poľsko)  |b Wydzial Nauk Historicznych  |t Prace Komisji Historycznej  |9 641312 
919 |a 83-7063-427-3 
999 |c 990613  |d 992543 
952 |t P60, <04>, [BOOK], {604}, -A-  |a SNK  |b SNK  |y VYP  |7 0  |p 17A0458843  |o snkIC 132039  |i snk2005/3376  |8 2  |g 7.63  |0 0  |1 0  |4 0  |d 2004-12-03  |l 0  |r 2005-01-02 00:00:00  |w 2026-02-24